01029nam a22002775i 4500999001700000003000900017005001700026008004100043020001800084040004300102082001700145100002800162245006000190264006100250300002300311336002600334337002800360338002700388504005100415650003800466653002700504655001700531700003300548942001200581952015800593 c27749d27720EG-ScBUE20191112130952.0191112s2019 ii f b 001 0 eng d a9788131102718 aEG-ScBUEbengerdacEG-ScBUEdEG-ScBUE04a418bJOH2221 aJohn, Patrick,eauthor.10aApplied Linguistics /cPatrick John, David Christopher. 1aDarya Ganj, New Delhi :bCommonwealth Publishers,c2019. a273 pages ;c22 cm atextbtxt2rdacontent aunmediatedbn2rdamedia avolumebnc2rdacarrier aIncludes bibliographical references and index. 7aApplied linguistics.2BUEsh95726 bHHUUEENNcNovember2019 vReading book1 aChristopher, David,eauthor. 2ddccBB 00102ddc40708BaccahaMAINbMAINc2NDd2019-11-12ePurchaseg360.00l2m1o418 JOHp000048216r2025-07-15 00:00:00s2024-02-11v450.00w2019-11-12yBB